LEADER 02614nam 2200649Ia 450 001 9910453699303321 005 20200520144314.0 010 $a1-280-83440-4 010 $a9786610834402 010 $a0-19-803110-6 035 $a(CKB)1000000000553879 035 $a(EBL)430710 035 $a(OCoLC)316715136 035 $a(SSID)ssj0000267866 035 $a(PQKBManifestationID)11195666 035 $a(PQKBTitleCode)TC0000267866 035 $a(PQKBWorkID)10212853 035 $a(PQKB)10606779 035 $a(MiAaPQ)EBC430710 035 $a(Au-PeEL)EBL430710 035 $a(CaPaEBR)ebr10269060 035 $a(CaONFJC)MIL83440 035 $a(EXLCZ)991000000000553879 100 $a20011013d2002 uy 0 101 0 $aeng 135 $aur|n|---||||| 181 $ctxt 182 $cc 183 $acr 200 10$aVisceral sensory neuroscience$b[electronic resource] $einteroception /$fOliver G. Cameron 210 $aOxford ;$aNew York $cOxford University Press$d2002 215 $a1 online resource (372 p.) 300 $aDescription based upon print version of record. 311 $a0-19-513601-2 320 $aIncludes bibliographical references (p. 283-341) and indexes. 327 $aContents; PART I. DEFINITIONS, HISTORY, BACKGROUND; PART II. THE ESSENTIAL RECENT SCIENCE; PART III. RELATED TOPICS AND SUMMARY; References; Name Index; Subject Index 330 $aPart I Definitions, History, and Background. 1. Definitions. 2. The James-Lange Theory of Emotion. 3. Conditioning and Learning, Attention and Arousal. 4. Motivation and Emotion. 5. Roots in Russian and Eastern European Studies. 6. Operant Conditioning of Visceral Function(Biofeedback). Part II The Essential Science. 7. The Neural Basis of Visceral Perception. 8. The Cardiovascular and Respiratory Systems. 9. The Alimentary Tract. Part III Related Topics and Summary. 10. Pain, Proprioception, Phantom Limb, and Body Image. 11. State-dependent Learning and Drug Discrimination. 12. Psychiatric Di 606 $aNervous system 606 $aNeurosciences 606 $aSenses and sensation 606 $aViscera$xInnervation 608 $aElectronic books. 615 0$aNervous system. 615 0$aNeurosciences. 615 0$aSenses and sensation. 615 0$aViscera$xInnervation. 676 $a152 676 $a612.8/8 676 $a616.8 700 $aCameron$b Oliver G$0963044 801 0$bMiAaPQ 801 1$bMiAaPQ 801 2$bMiAaPQ 906 $aBOOK 912 $a9910453699303321 996 $aVisceral sensory neuroscience$92183630 997 $aUNINA LEADER 02988nam 2200673Ia 450 001 9910958785403321 005 20251117060609.0 010 $a0-7914-9401-2 010 $a1-4416-0776-5 024 7 $a10.1515/9780791494011 035 $a(CKB)1000000000755879 035 $a(OCoLC)365382861 035 $a(CaPaEBR)ebrary10587279 035 $a(SSID)ssj0000223004 035 $a(PQKBManifestationID)12029908 035 $a(PQKBTitleCode)TC0000223004 035 $a(PQKBWorkID)10176244 035 $a(PQKB)10964868 035 $a(Au-PeEL)EBL3408080 035 $a(CaPaEBR)ebr10587279 035 $a(OCoLC)923412461 035 $a(DE-B1597)684414 035 $a(DE-B1597)9780791494011 035 $a(Perlego)2673520 035 $a(MiAaPQ)EBC3408080 035 $a(EXLCZ)991000000000755879 100 $a20090206d2009 ub 0 101 0 $aeng 135 $aurcn||||||||| 181 $ctxt$2rdacontent 182 $cc$2rdamedia 183 $acr$2rdacarrier 200 10$aPoems on life and love in ancient India $eHala's Sattasai /$ftranslated from the Prakrit and introduced by Peter Khoroche and Herman Tieken 205 $a1st ed. 210 $aAlbany, NY $cExcelsior Editions$dc2009 215 $a1 online resource (223 pages) 225 0$aSUNY series in Hindu studies 300 $aBibliographic Level Mode of Issuance: Monograph 311 08$a0-7914-9391-1 320 $aIncludes bibliographical references (p. 211-212). 327 $aIntro -- Poems on Life and Love in A N C I E N T I N D I A -- Contents -- ACKNOWLEDGMENT -- Introduction -- Invitation -- Exchanging Glances -- Lovers' Meetings -- Wrong Choices and Disappointments -- The Go-between -- The Young Couple -- Making Love -- The Perfect Wife -- The Brother-in-law -- Rival Wives -- The Errant Husband -- Getting Her Name Wrong -- Lovers' Quarrels -- The Faithless Wife -- The Abducted Wife -- Departure -- The Traveler's Wife -- The Traveler -- Country Characters -- Gods and Saints -- The God of Love -- A llegorical Verses -- Poetic Fancy -- Good Men and Bad -- Epilogue -- Variant Readings -- Concordance of Verses in Weber's Edition and thei Translation -- Bibliography. 330 $aThe oldest surviving anthology of lyric poems from India, the Sattasai presents the many aspects of love and provides a realistic counterpart to the Kamasutra. 410 0$aSUNY series in Hindu studies$9lat 517 3 $aHala's Sattasai 606 $aLove poetry, Prakrit$vTranslations into English 606 $aPrakrit poetry$vTranslations into English 615 0$aLove poetry, Prakrit 615 0$aPrakrit poetry 676 $a891/.3 700 $aHa?la$01811707 701 $aKhoroche$b Peter$01811708 701 $aTieken$b Herman Joseph Hugo$f1952-$01811709 801 0$bMiAaPQ 801 1$bMiAaPQ 801 2$bMiAaPQ 906 $aBOOK 912 $a9910958785403321 996 $aPoems on life and love in ancient India$94363743 997 $aUNINA